The quark-gluon plasma in linear response theory /
| Main Author: | |
|---|---|
| Other Authors: | , , , |
| Format: | Thesis Book |
| Language: | English |
| Published: |
1986.
|
| Subjects: | |
| Online Access: | Link to ProQuest copy Link to OAKTrust copy ProQuest, Abstract |
MARC
| Tag | First Indicator | Second Indicator | Subfields |
|---|---|---|---|
| LEADER | 00000ctm a2200000Ia 4500 | ||
| 001 | in00000016881 | ||
| 005 | 20220104090745.0 | ||
| 008 | 880616s1986 xx a bm 000 0 eng d | ||
| 035 | |9 AAB1220AM | ||
| 035 | |a (OCoLC)18099801 | ||
| 035 | |a (OCoLC)ocm18099801 | ||
| 040 | |a TXA |b eng |c TXA |d OCLCQ |d OCLCF |d OCLCO |d OCLCQ |d UMI |d TXA | ||
| 049 | |a TXAM | ||
| 099 | |a 1986 |a Disser- |a tation |a L864 | ||
| 100 | 1 | |a Lopez, Jorge Alberto. | |
| 245 | 1 | 4 | |a The quark-gluon plasma in linear response theory / |
| 264 | 1 | |c 1986. | |
| 300 | |a v, 85 leaves : |b illustrations ; |c 29 cm | ||
| 336 | |a text |b txt |2 rdacontent | ||
| 337 | |a unmediated |b n |2 rdamedia | ||
| 338 | |a volume |b nc |2 rdacarrier | ||
| 500 | |a "Major subject: Physics." | ||
| 500 | |a Typescript (photocopy). | ||
| 500 | |a Vita. | ||
| 502 | |b Ph. D. |c Texas A & M University |d 1986 | ||
| 504 | |a Includes bibliographical references (leaves 74-75). | ||
| 520 | 3 | |a We study the quark-gluon plasma using linear response theory. We find different characteristics for different kinematical regions. For low k, k[o] (and k < k[o]) we find collective excitations and dispersive behavior typical of plasmas. For k > k[o] we find energy absorbing and emitting processes. And for high k/T when k < k[o] we find the vacuum to have an amplifying behavior; we relate this to an instability of the QCD vacuum and a tendency to decay to the real physical vacuum. These findings are connected to the production of the quark-gluon plasma in heavy ion collisions. | |
| 650 | 0 | |a Many-body problem. | |
| 650 | 0 | |a Quantum chromodynamics. | |
| 650 | 0 | |a Quark-gluon interactions. | |
| 650 | 4 | |a Major physics. | |
| 655 | 7 | |a Academic theses |2 lcgft | |
| 700 | 1 | |a Fulling, Stephen a., |e degree committee member. | |
| 700 | 1 | |a Ko, Che Ming, |e degree committee member. | |
| 700 | 1 | |a McIntyre, Peter M., |e degree committee member. | |
| 700 | 1 | |a Siemens, Philip J., |e degree supervisor. | |
| 700 | 1 | |a Smith, Roger A., |e degree committee member. | |
| 710 | 2 | |a Texas A & M University, |e degree granting institution. | |
| 856 | 4 | 1 | |u http://proxy.library.tamu.edu/login?url=http://proquest.umi.com/pqdweb?did=753963941&sid=1&Fmt=2&clientId=2945&RQT=309&VName=PQD |z Link to ProQuest copy |t 0 |
| 856 | 4 | 1 | |u https://hdl.handle.net/1969.1/DISSERTATIONS-24851 |z Link to OAKTrust copy |t 0 |
| 856 | 4 | 2 | |3 ProQuest, Abstract |u http://gateway.proquest.com/openurl?url_ver=Z39.88-2004&rft_val_fmt=info:ofi/fmt:kev:mtx:dissertation&res_dat=xri:pqm&rft_dat=xri:pqdiss:8614977 |t 0 |
| 994 | |a C0 |b TXA | ||
| 999 | f | f | |s 830e2f2d-1705-3f13-84b4-0d4fb758c753 |i ad94fac6-84dc-396e-9aa3-cdf9ad43c40e |t 0 |
| 952 | f | f | |p noncirc |a Texas A&M University |b J.J. Pickle Campus |c High Density Repository |s HDR |d Remote Storage |t 0 |e 1986 Dissertation L864 |h Other scheme |i unmediated -- volume |m A14839614702 |
| 952 | f | f | |a Texas A&M University |b College Station |c Electronic Resources |s www_evans |d Available Online |t 0 |e 1986 Dissertation L864 |h Other scheme |
| 998 | f | f | |a 1986 Dissertation L864 |t 0 |l Remote Storage |
| 998 | f | f | |a 1986 Dissertation L864 |t 0 |l Available Online |